French Names - Statistics

General Stats
  • This quiz has been taken 220 times
  • The average score is 9 of 16
Answer Stats
French English % Correct
Avril April
90%
Jean John
88%
André Andrew
85%
Pierre Peter
81%
Françoise Frances
79%
Aimée Amy
75%
Brigitte Bridget
71%
Josée Joseph
69%
Luce Lucia
67%
Margot Margaret
64%
Guillaume William
62%
Étienne Stephen
37%
Benoît Benedict
29%
Gaultier Walter
21%
Madeleine Magdalene
20%
Noël Nicholas
6%
No matching quizzes found
Score Distribution
Percent of People with Each Score
Percentile by Number Answered
Your Score History
You have not taken this quiz